|
|
|
|
| LEADER |
01193nam a22002657a 4500 |
| 001 |
39046 |
| 003 |
BD-DhAAL |
| 008 |
220630t1965 nyu||||| b||| 001 0 eng d |
| 999 |
|
|
|c 44485
|d 44485
|
| 020 |
|
|
|a 0671013254
|
| 040 |
|
|
|a BD-DhAAL
|c BD-DhAAL
|
| 082 |
|
|
|a 940.23
|2 23
|
| 100 |
|
|
|a Durant, Will,
|d 1885-1981.
|9 49825
|
| 245 |
|
|
|a The age of Voltaire :
|b a history of civilization in Western Europe from 1715 to 1756, with special emphasis on the conflict between religion and philosophy /
|c Will Durant and Ariel Durant.
|
| 260 |
|
|
|a New York, N.Y. :
|b Simon and Schuster,
|c c1965.
|
| 300 |
|
|
|a xviii, 898 pages :
|b illustrations, maps, ports. ;
|c 24 cm.
|
| 490 |
|
|
|a The Story of civilization ;
|v 9
|
| 504 |
|
|
|a Includes bibliographical references and index.
|
| 541 |
|
|
|a Donated By Akbar Ali Khan
|e 39046
|
| 651 |
|
|
|a Europe
|x History
|y 1492-1789.
|9 49830
|
| 700 |
|
|
|a Durant, Ariel
|9 49831
|
| 830 |
|
|
|a The Story of civilization ; 9
|9 49827
|
| 852 |
|
|
|a Ayesha Abed Library
|c Akbar Ali Khan Collection
|
| 942 |
|
|
|2 ddc
|c BK
|
| 952 |
|
|
|0 0
|1 0
|2 ddc
|4 0
|6 940_230000000000000_DUR
|7 1
|9 71143
|a BRACUL
|b BRACUL
|c AAKC
|d 2022-06-30
|e Donated by Akbar Ali Khan
|l 0
|o 940.23 DUR
|p 3010039046
|r 2022-06-30
|w 2022-06-30
|y BK
|